Movies Quiz

Random Movies or Actor Quiz

Ewan McGregor Movies Quiz Stats

 Plays Quiz Updated Jan 1, 2021

     
Support Sporcle.
Go Orange.
Score 0/61 Timer 10:00
1 Play Today
Year Movie % Correct
1999Star Wars Episode I: The Phantom Menace
83.4%
2002Star Wars Episode II: Attack of the Clones
80.5%
2005Star Wars Episode III: Revenge of the Sith
80%
2017T2 Trainspotting
68.2%
1996Trainspotting
67.3%
2017Beauty and the Beast
62.6%
2019Star Wars: Episode IX - The Rise of Skywalker
59.1%
2001Moulin Rouge!
59.1%
2003Big Fish
54%
2019Doctor Sleep
51%
2005The Island
44.7%
2020Birds of Prey
44.5%
2005Robots
33.7%
2018Christopher Robin
32.9%
2009Angels & Demons
31.9%
2010The Ghost Writer
29.9%
2011Salmon Fishing in the Yemen
29.6%
2001Black Hawk Down
27.9%
1994Shallow Grave
24%
2003Down with Love
23.5%
2009Men Who Stare at Goats
21.7%
2012The Impossible
21.6%
1997A Life Less Ordinary
20.1%
2009I Love You Phillip Morris
18.4%
1998Velvet Goldmine
16.4%
2016American Pastoral
16.3%
2013Jack the Giant Slayer
15.8%
2015Mortdecai
15.8%
2013August: Osage County
15.4%
1996Emma
14.9%
2005Valiant
13%
Year Movie % Correct
1996Brassed Off
12.9%
2003Young Adam
12.7%
2006Miss Potter
12.4%
2016Jane Got A Gun
12.3%
2011Haywire
12.1%
1999Rogue Trader
12%
1996The Pillow Book
11.7%
2016Our Kind of Traitor
11.3%
2015Last Days in the Desert
11.2%
2011Beginners
11%
2018Zoe
10.6%
1998Little Voice
10.4%
2008Deception
10.2%
2005Stay
9.9%
2015Miles Ahead
9.1%
1997Nightwatch
8.9%
2007Cassandra's Dream
8.5%
1999Eye of the Beholder
8.1%
2000Nora
7.6%
2006Alex Rider: Operation Stormbreaker
7%
1995Blue Juice
6.8%
1993Being Human
6.6%
2008Incendiary
6.4%
2006Scenes of a Sexual Nature
6.1%
1997A Serpents Kiss
5.9%
2011Perfect Sense
5.7%
2010Nanny McPhee Returns
4.8%
1998Desserts
4.7%
2002Solid Geometry
4.6%
2010Jackboots on Whitehall
4.2%

From the Vault

'K' Follow-Up Trivia

by wiggytitch

Just when you thought you answered a question correctly, another one appears.
Remove Ads.
Support Sporcle.
Get the best of Sporcle when you Go Orange. This ad-free experience offers more features, more stats, and more fun while also helping to support Sporcle. Thank you for becoming a member.

Show Comments

Extras

Top Quizzes Today


Score Distribution

Your Account Isn't Verified!

In order to create a playlist on Sporcle, you need to verify the email address you used during registration. Go to your Sporcle Settings to finish the process.

Report this User

Report this user for behavior that violates our Community Guidelines.

Details: